<?xml version="1.0" encoding="UTF-8"?>
<record
    xmlns:xsi="http://www.w3.org/2001/XMLSchema-instance"
    xsi:schemaLocation="http://www.loc.gov/MARC21/slim http://www.loc.gov/standards/marcxml/schema/MARC21slim.xsd"
    xmlns="http://www.loc.gov/MARC21/slim">

  <leader>01314 am a2200385 a 4500</leader>
  <controlfield tag="005">20240610084103.0</controlfield>
  <controlfield tag="008">100311s2003||||mx d   f |||| 001 0 spa d</controlfield>
  <datafield tag="020" ind1=" " ind2=" ">
    <subfield code="a">9701038819</subfield>
  </datafield>
  <datafield tag="041" ind1=" " ind2=" ">
    <subfield code="a">spa</subfield>
  </datafield>
  <datafield tag="092" ind1=" " ind2=" ">
    <subfield code="c">615</subfield>
    <subfield code="l">30</subfield>
    <subfield code="s">GOO</subfield>
  </datafield>
  <datafield tag="245" ind1=" " ind2=" ">
    <subfield code="a">Goodman&amp;Gilman. Las bases farmacol&#xF3;gicas de la terap&#xE9;utica. T.2. </subfield>
    <subfield code="c">Joel G. Hardman [ed.]</subfield>
  </datafield>
  <datafield tag="250" ind1=" " ind2=" ">
    <subfield code="a">10a ed. en espa&#xF1;ol</subfield>
    <subfield code="b">Traducci&#xF3;n Jos&#xE9; Rafael Blengio Pinto; Bernardo Rivera Mu&#xF1;oz y Guillermo Di Girolamo</subfield>
  </datafield>
  <datafield tag="260" ind1=" " ind2=" ">
    <subfield code="a">M&#xE9;xico : </subfield>
    <subfield code="b">McGraw-Hill , </subfield>
    <subfield code="c">2003.</subfield>
  </datafield>
  <datafield tag="300" ind1=" " ind2=" ">
    <subfield code="a">1073-2150 p.</subfield>
  </datafield>
  <datafield tag="653" ind1=" " ind2=" ">
    <subfield code="a">Quimioterapia de par&#xE1;sitos</subfield>
  </datafield>
  <datafield tag="653" ind1=" " ind2=" ">
    <subfield code="a">Quimioterapia de las enfermedades microbianas</subfield>
  </datafield>
  <datafield tag="653" ind1=" " ind2=" ">
    <subfield code="a">Quimioterapia de las enfermedades neopl&#xE1;sicas</subfield>
  </datafield>
  <datafield tag="653" ind1=" " ind2=" ">
    <subfield code="a">F&#xE1;rmacos utilizados para inmunorregulaci&#xF3;n (inmunomodulaci&#xF3;n)</subfield>
  </datafield>
  <datafield tag="653" ind1=" " ind2=" ">
    <subfield code="a">F&#xE1;rmacos con acci&#xF3;n en la sangre y los &#xF3;rganos hematopoy&#xE9;ticos</subfield>
  </datafield>
  <datafield tag="653" ind1=" " ind2=" ">
    <subfield code="a">Hormonas y sus antagonistas</subfield>
  </datafield>
  <datafield tag="653" ind1=" " ind2=" ">
    <subfield code="a">Vitaminas</subfield>
  </datafield>
  <datafield tag="653" ind1=" " ind2=" ">
    <subfield code="a">Dermatolog&#xED;a</subfield>
  </datafield>
  <datafield tag="653" ind1=" " ind2=" ">
    <subfield code="a">Oftalmolog&#xED;a</subfield>
  </datafield>
  <datafield tag="653" ind1=" " ind2=" ">
    <subfield code="a">Toxicolog&#xED;a</subfield>
  </datafield>
  <datafield tag="700" ind1="1" ind2=" ">
    <subfield code="a">Limbird, Lee E.</subfield>
    <subfield code="e">Editor</subfield>
    <subfield code="9">832</subfield>
  </datafield>
  <datafield tag="700" ind1="1" ind2=" ">
    <subfield code="a">Hardman, Joel G.</subfield>
    <subfield code="e">Editor</subfield>
    <subfield code="9">1724</subfield>
  </datafield>
  <datafield tag="700" ind1="1" ind2=" ">
    <subfield code="a">Goodman Gilman, Alfred.</subfield>
    <subfield code="e">Editor consultor</subfield>
    <subfield code="9">833</subfield>
  </datafield>
  <datafield tag="930" ind1=" " ind2=" ">
    <subfield code="a">1011</subfield>
  </datafield>
  <datafield tag="930" ind1=" " ind2=" ">
    <subfield code="a">1134</subfield>
  </datafield>
  <datafield tag="930" ind1=" " ind2=" ">
    <subfield code="a">1136</subfield>
  </datafield>
  <datafield tag="930" ind1=" " ind2=" ">
    <subfield code="a">1138</subfield>
  </datafield>
  <datafield tag="930" ind1=" " ind2=" ">
    <subfield code="a">1140</subfield>
  </datafield>
  <datafield tag="930" ind1=" " ind2=" ">
    <subfield code="a">1142</subfield>
  </datafield>
  <datafield tag="942" ind1=" " ind2=" ">
    <subfield code="2">ddc</subfield>
    <subfield code="c">BK</subfield>
  </datafield>
  <datafield tag="999" ind1=" " ind2=" ">
    <subfield code="c">84</subfield>
    <subfield code="d">84</subfield>
  </datafield>
  <datafield tag="952" ind1=" " ind2=" ">
    <subfield code="0">0</subfield>
    <subfield code="1">0</subfield>
    <subfield code="2">ddc</subfield>
    <subfield code="4">0</subfield>
    <subfield code="5">1</subfield>
    <subfield code="7">1</subfield>
    <subfield code="8">REF</subfield>
    <subfield code="a">BFM</subfield>
    <subfield code="b">BFM</subfield>
    <subfield code="c">REF</subfield>
    <subfield code="d">2011-05-13</subfield>
    <subfield code="l">1</subfield>
    <subfield code="o">615 30 GOO</subfield>
    <subfield code="p">1011</subfield>
    <subfield code="r">2014-11-06</subfield>
    <subfield code="s">2013-05-21</subfield>
    <subfield code="t">ej.4</subfield>
    <subfield code="w">2011-08-17</subfield>
    <subfield code="y">REF</subfield>
    <subfield code="z">Baja caja Nro 1</subfield>
  </datafield>
  <datafield tag="952" ind1=" " ind2=" ">
    <subfield code="0">0</subfield>
    <subfield code="1">0</subfield>
    <subfield code="2">ddc</subfield>
    <subfield code="4">0</subfield>
    <subfield code="5">1</subfield>
    <subfield code="7">1</subfield>
    <subfield code="a">BFM</subfield>
    <subfield code="b">BFM</subfield>
    <subfield code="c">CR</subfield>
    <subfield code="d">2011-05-13</subfield>
    <subfield code="l">8</subfield>
    <subfield code="m">1</subfield>
    <subfield code="o">615 30 GOO</subfield>
    <subfield code="p">1134</subfield>
    <subfield code="r">2014-11-06</subfield>
    <subfield code="s">2013-11-15</subfield>
    <subfield code="t">ej.5</subfield>
    <subfield code="w">2011-05-13</subfield>
    <subfield code="y">BK</subfield>
    <subfield code="z">Baja caja Nro 1</subfield>
  </datafield>
  <datafield tag="952" ind1=" " ind2=" ">
    <subfield code="0">0</subfield>
    <subfield code="1">0</subfield>
    <subfield code="2">ddc</subfield>
    <subfield code="4">0</subfield>
    <subfield code="5">1</subfield>
    <subfield code="7">1</subfield>
    <subfield code="a">BFM</subfield>
    <subfield code="b">BFM</subfield>
    <subfield code="c">CR</subfield>
    <subfield code="d">2011-05-13</subfield>
    <subfield code="l">9</subfield>
    <subfield code="o">615 30 GOO</subfield>
    <subfield code="p">1136</subfield>
    <subfield code="r">2014-11-06</subfield>
    <subfield code="s">2012-12-13</subfield>
    <subfield code="t">ej.6</subfield>
    <subfield code="w">2011-05-13</subfield>
    <subfield code="y">BK</subfield>
    <subfield code="z">Baja caja Nro 1</subfield>
  </datafield>
  <datafield tag="952" ind1=" " ind2=" ">
    <subfield code="0">0</subfield>
    <subfield code="1">0</subfield>
    <subfield code="2">ddc</subfield>
    <subfield code="4">0</subfield>
    <subfield code="5">1</subfield>
    <subfield code="7">1</subfield>
    <subfield code="a">BFM</subfield>
    <subfield code="b">BFM</subfield>
    <subfield code="c">CR</subfield>
    <subfield code="d">2011-05-13</subfield>
    <subfield code="l">13</subfield>
    <subfield code="m">1</subfield>
    <subfield code="o">615 30 GOO</subfield>
    <subfield code="p">1138</subfield>
    <subfield code="r">2014-11-06</subfield>
    <subfield code="s">2013-07-05</subfield>
    <subfield code="t">ej.7</subfield>
    <subfield code="w">2011-05-13</subfield>
    <subfield code="y">BK</subfield>
    <subfield code="z">Baja caja Nro 1</subfield>
  </datafield>
  <datafield tag="952" ind1=" " ind2=" ">
    <subfield code="0">0</subfield>
    <subfield code="1">0</subfield>
    <subfield code="2">ddc</subfield>
    <subfield code="4">0</subfield>
    <subfield code="5">1</subfield>
    <subfield code="7">1</subfield>
    <subfield code="a">BFM</subfield>
    <subfield code="b">BFM</subfield>
    <subfield code="c">CR</subfield>
    <subfield code="d">2011-05-13</subfield>
    <subfield code="l">12</subfield>
    <subfield code="m">2</subfield>
    <subfield code="o">615 30 GOO</subfield>
    <subfield code="p">1140</subfield>
    <subfield code="r">2014-11-06</subfield>
    <subfield code="s">2013-09-19</subfield>
    <subfield code="t">ej.8</subfield>
    <subfield code="w">2011-05-13</subfield>
    <subfield code="y">BK</subfield>
    <subfield code="z">Baja caja Nro 1</subfield>
  </datafield>
  <datafield tag="952" ind1=" " ind2=" ">
    <subfield code="0">0</subfield>
    <subfield code="1">0</subfield>
    <subfield code="2">ddc</subfield>
    <subfield code="4">0</subfield>
    <subfield code="5">1</subfield>
    <subfield code="7">1</subfield>
    <subfield code="a">BFM</subfield>
    <subfield code="b">BFM</subfield>
    <subfield code="c">CR</subfield>
    <subfield code="d">2011-05-13</subfield>
    <subfield code="l">1</subfield>
    <subfield code="m">4</subfield>
    <subfield code="o">615 30 GOO</subfield>
    <subfield code="p">1142</subfield>
    <subfield code="r">2015-02-27</subfield>
    <subfield code="s">2011-08-18</subfield>
    <subfield code="t">ej.9</subfield>
    <subfield code="w">2011-05-13</subfield>
    <subfield code="y">BK</subfield>
    <subfield code="z">Baja caja Nro 1</subfield>
  </datafield>
</record>
